Il cigno nero /

Guardado en:
Detalles Bibliográficos
Autor principal: Mansell, Clint (Compositor)
Otros Autores: McLaughlin, John (sceneggiatore) (Animador de pantalla), Kunis, Mila (Actor), Heyman, Mark (Animador de pantalla), Heinz, Andrés (Animador de pantalla), Aronofsky, Darren (Director), Ryder, Winona (Actor), Cassel, Vincent (Actor), Libatique, Matthew (Fotógrafo), Portman, Natalie (Actor)
Formato: Tesis Deslizar
Lenguaje:italiano
inglés
francés
Publicado: Milano : Twentieth Century Fox home entertainment, ©2011
Etiquetas: Agregar Etiqueta
Sin Etiquetas, Sea el primero en etiquetar este registro!

MARC

LEADER 00000ngm a22000007i 4500
001 IT\ICCU\RCA\0680979
003 ItRI
005 20260124182851.0
008 110704s2011 it |||||||||||||||k|||||c
024 3 1 |a 8010312094620 
028 4 2 |a 50191DS 
028 4 2 |a PA2811DOP 
040 |b ita 
041 7 |a ita  |a eng  |a fre  |2 ISO-639-2 
082 |a 791.43  |9 CINEMA  |2 19 
130 0 |a Black Swan <film ; 2010>  |3 IT\ICCU\RCA\0680980 
245 0 3 |a Il cigno nero /  |c un film di Darren Aronofsky ; [con] Vincent Cassel, Mila Kunis ; [original score by Clint Mansell ; director of photography Matthew Libatique ; screenplay by Mark Heyman and Andrés Heinz and John McLaughlin]. 
260 |a Milano :  |b Twentieth Century Fox home entertainment,  |c ©2011 
300 |a 1 DVD-Video (ca. 103 min) :  |b color., sonoro ;  |c in contenitore, 19 cm 
500 |a Caratteristiche tecniche: regione 2; sistema e formato video: PAL; 2.40:1 aspect ratio, widescreen 16:9; DVD 9; formato audio: Dolby digital 5.1 
500 |a Titolo del contenitore 
500 |a Produzione cinematografica USA 2010 
500 |a Altri interpreti: Wynona Ryder 
500 |a Lingue e sottotitoli: italiano, inglese, francese; sottotitoli anche in olandese, arabo, islandese 
500 |a Vietato ai minori di 14 anni 
502 |a Contenuti speciali: Metamorfosi: il documentario dietro le quinte con il regista Darren Aronofsky 
700 1 |a McLaughlin, John  |c  (sceneggiatore)  |0 IT\ICCU\LO1V\268978  |4 sce 
700 1 |a Kunis, Mila  |0 IT\ICCU\LO1V\354178  |4 act 
700 1 |a Heyman, Mark  |0 IT\ICCU\LO1V\383504  |4 sce 
700 1 |a Heinz, Andrés  |0 IT\ICCU\LO1V\383505  |4 sce 
700 1 |a Aronofsky, Darren  |0 IT\ICCU\MODV\278703  |4 drt 
700 1 |a Ryder, Winona  |0 IT\ICCU\RAVV\088870  |4 act 
700 1 |a Cassel, Vincent  |0 IT\ICCU\RAVV\101059  |4 act 
700 1 |a Libatique, Matthew  |0 IT\ICCU\RAVV\462816  |4 pht 
700 1 |a Portman, Natalie  |0 IT\ICCU\UBOV\610017  |4 act 
700 1 |a Mansell, Clint  |0 IT\ICCU\UBOV\873051  |4 cmp 
790 1 |a McLaughlin, John J.  |3 IT\ICCU\RAVV\681010  |z McLaughlin, John (sceneggiatore) 
942 |2 ddc  |c VM  |n 0 
952 |0 0  |1 0  |4 0  |6 VO_1914_000000000000000  |7 0  |9 27255  |a BO  |b BO  |d 2026-01-24  |i 15689  |l 0  |o VO 1914  |p BO15689  |r 2026-01-24 18:28:51  |w 2026-01-24  |x [Sebina 5] [1 dvd]  |y VM  |z 1 dvd 
952 |0 0  |1 0  |4 0  |6 VO_2229_000000000000000  |7 0  |9 27256  |a BO  |b BO  |d 2026-01-24  |i 18367  |l 0  |o VO 2229  |p BO18367  |r 2026-01-24 18:28:51  |w 2026-01-24  |x [Sebina 5] [1 dvd]  |y VM  |z 1 dvd 
999 |c 23074  |d 23074